Descobreix l'enoturisme : Barcelona és molt més Barcelona és molt més
Descripción Física:
23 pàgines : il·lustracions ; 24 cm
Materias:
Enoturisme -- Barcelona (Província) -- Guies
; Barcelona (Catalunya : Província) -- Descripcions i viatges
Idioma:
Catalán
MARC
| LEADER | 00000nam a2200000 a 4500 | ||
|---|---|---|---|
| 001 | 26033 | ||
| 008 | 220622b spa||||| |||| 00| 0 cat d | ||
| 017 | |a DL B 20887-2016 | ||
| 080 | |a FU-71-33 | ||
| 245 | |a Descobreix l'enoturisme : |b Barcelona és molt més | ||
| 260 | |a Barcelona : |b Diputació de Barcelona, |c 2016 | ||
| 300 | |a 23 pàgines : |b il·lustracions ; |c 24 cm | ||
| 590 | |a Text en català. Hi ha un altre exemplar en francès amb R. 23916 i en anglo-castellà amb R. 23914 | ||
| 650 | 0 | |a Enoturisme |9 52923 |z Barcelona (Província) |v Guies | |
| 651 | 0 | |a Barcelona (Catalunya : Província) |x Descripcions i viatges |9 52924 | |
| 710 | 2 | |9 51323 |a Barcelona és Molt Més |e marca turística | |
| 710 | 1 | |a Barcelona (Catalunya : Província). |b Diputació |9 52408 | |
| 901 | |a Arxiu | ||
| 942 | |n 1 |2 udc |c ARXIU | ||
| 952 | |0 0 |1 0 |4 0 |6 FU7133 |7 1 |9 62503 |a Arxiu |b Arxiu |d 2022-06-22 |l 0 |o FU-71-33 |p 26033 |r 2022-06-22 00:00:00 |w 2022-06-22 |y ARXIU | ||
| 952 | |0 0 |1 0 |2 udc |4 0 |6 E01484 |7 0 |8 Digital |9 63285 |a TURISME |b TURISME |d 2022-07-30 |h 2016 |o E.01484 |p TURISME22070368 |r 2022-07-30 00:00:00 |w 2022-07-30 |y GT | ||
| 999 | |c 82115 |d 82115 | ||